Contribución al conocimiento de los Machiloidea de Colombia (<Archaeognatha: Insecta>) (Registro nro. 14927)

Detalles MARC
000 -CABECERA
Campo de control 003270000a22001090004500
090 ## - CLASIFICACIÓN LOCAL
Colección AS
Consecutivo Seriadas
041 0# - IDIOMA
Código de idioma para texto/pista de sonido o título separado
100 1# - ASIENTO PRINCIPAL--NOMBRE PERSONAL
Nombre personal Sturm, Helmut
245 10 - MENCION DE TITULO
Título Contribución al conocimiento de los Machiloidea de Colombia (<Archaeognatha: Insecta>)
773 1# - Item fuente:
Título Caldasia
Especificación de materiales 45
Descripción física 65
Paginas del Articulo 787-816
Lugar, editorial y fecha de publicación 1983
Información sobre la relación 13
942 ## - ELEMENTOS ADICIONALES (KOHA)
Tipo de ítem Artículo

No hay ítems disponibles.